000
00272nam a2200109Ia 4500
008
210430s9999 xx 000 0 und d
082
_a
658 U844I
100
_a
NA
245
_a
Internation Programs in Resources Managment Education
_c
NA
300
_a
25
942
_c
BK
_2
ddc
999
_c
565250
_d
565250